Statistics for Famous Scots

Click here to take the quiz!

General Stats

  • This quiz has been taken 15 times
  • The average score is 8 of 20

Answer Stats

most known for/hintperson% Correct
queen of scotsQueen Mary
100%
BraveheartWilliam Wallace
93%
TennisAndy Murray
87%
shakespeare PlayMacbeth
87%
Discovered PenicilinAlexander Fleming
80%
Patron saint of ScotlandAndrew
80%
scottish robin hoodRob Roy
53%
Moulin RougeEwan Mcgregor
47%
king 1306/ batle of bannockburnRobert the Bruce
47%
Olympus has FallenGerard Butler
33%
Sean Connery
27%
Jacobite risingBonnie prince charlie
20%
Outlander/Lucifer season 4Graham McTavish
13%
X menJames McAvoy
13%
1st stuart kingKing James I
13%
OutlanderSam Heughan
13%
musicalAlexander Hamilton
0%
Inspiration for Robinson crusoeAlexander Selkirk
0%
Founding member of uk Labour partyJames Keir hardie
0%
canada's first prime minster in 1857Sir John Alexander MacDonald
0%

Score Distribution

Percentile by Number Answered

Percent of People with Each Score

Your Score History

You have not taken this quiz